| 000 | 01344nam a22003977a 4500 | ||
|---|---|---|---|
| 003 | CHAP | ||
| 005 | 20220817044127.0 | ||
| 008 | 060926d2005 mx d r 00110 spa d | ||
| 010 | _a92796 | ||
| 011 | _a93768 | ||
| 020 | _a9709874055 | ||
| 035 | _a104349 | ||
| 040 | _cCHAP | ||
| 090 | _aFolleto 17153 | ||
| 100 | 1 |
_aTorre García, Rodolfo de la. _9114000 |
|
| 245 | 1 | 0 |
_aEvaluación externa de impacto del programa oportunidades 2004: _bsíntesis ejecutiva _c/por Rodolfo de la Torre García |
| 260 |
_aCuernavaca, Mor. : _bInstituto Naciional de Salud Pública, _c2005 |
||
| 300 |
_a58 p. : _bgráfs. ; cuadros |
||
| 590 |
_aBATCH-UPD _b10 _c20130110 _lUCH01 _h0354 |
||
| 590 |
_aBATCH-UPD _b10 _c20130110 _lUCH01 _h1848 |
||
| 590 |
_aBATCH-UPD _b10 _c20130410 _lUCH01 _h0027 |
||
| 590 |
_aBATCH-UPD _b10 _c20130914 _lUCH01 _h0255 |
||
| 590 |
_aCONVERSION _b10 _c20130109 _lUCH01 _h1351 |
||
| 650 | 1 | 4 |
_aAlimentación. _94109 |
| 650 | 1 | 4 |
_aBienestar social. _912635 |
| 650 | 1 | 4 |
_aCostos y nivel de vida. _928518 |
| 650 | 1 | 4 |
_aEducación. _935409 |
| 650 | 1 | 4 |
_aEvaluación. _938913 |
| 650 | 1 | 4 |
_aMéxico _xCondiciones económicas. |
| 650 | 1 | 4 |
_aPolítica social. _990696 |
| 650 | 1 | 4 |
_aSalud. _9101807 |
| 901 | _aBK | ||
| 905 | _aMarco A. Mendoza T. | ||
| 942 | _cFOLL | ||
| 949 |
_aFolleto 17153 _bBC _cFOLL _d00000001043491 _eTS1 _i104349 _sb |
||
| 999 |
_c92796 _d92796 |
||